000
00356nam a2200169Ia 4500
100
_a
Blatter/Christian
650
_a
Wavelets
942
_c
BK
366
_f
20
654
_a
wavelets
245
_a
Wavelets A primer
260
_b
Universities Press
_a
Mumbai
_c
1998
082
_a
515.723/BLA
_b
BLA
300
_a
202
546
_a
ENGLISH
999
_c
33665
_d
33665